Държавите в Африка - Statistics

General Stats
  • This quiz has been taken 226 times
  • The average score is 38 of 54
Answers on the Map
Answers color-coded by a green-red scale on the quiz's map according to % correct below.
 
Answer Stats
Country % Correct
Алжир
97%
Египет
95%
Мадагаскар
95%
Мароко
94%
Судан
94%
ЮАР
94%
Либия
93%
Нигер
91%
Конго
90%
Тунис
89%
Нигерия
88%
Чад
85%
Ангола
84%
Сомалия
84%
Южен Судан
84%
Мали
83%
Гана
82%
Етиопия
81%
Кения
80%
Намибия
80%
Замбия
78%
Зимбабве
77%
Лесото
77%
Мавритания
75%
Ботсвана
74%
Камерун
73%
Мозамбик
73%
Гвинея
69%
Либерия
69%
Кот д'Ивоар
68%
Сенегал
68%
Танзания
67%
ЦАР
67%
Еритрея
66%
Бенин
64%
Буркина Фасо
64%
Того
64%
Габон
61%
ДР Конго
61%
Уганда
61%
Джибути
59%
Гамбия
58%
Кабо Верде
58%
Бурунди
53%
Сейшели
53%
Екваториална Гвинея
52%
Малави
52%
Есватини
51%
Руанда
51%
Мавриций
50%
Гвинея Бисау
49%
Комори
41%
Сиера Леоне
41%
Сао Томе и Принсипи
34%
No matching quizzes found
Score Distribution
Percent of People with Each Score
Percentile by Number Answered
Your Score History
You have not taken this quiz